| 000 | 00498nam a2200229Ia 4500 | ||
|---|---|---|---|
| 003 | IT-RoPAU | ||
| 008 | 120407s9999 xx 000 0 und d | ||
| 040 | _aIT-RoPAU | ||
| 040 | _cIT-RoPAU | ||
| 041 | _aita | ||
| 100 | _aTony-Stuart Nik Murdock | ||
| 245 | 2 | _aA scuola di...ginnastica. | |
| 250 | _aCinisello Balsamo | ||
| 260 | _aEdizioni Paoline | ||
| 260 | _c1993 | ||
| 300 | _a116 p. | ||
| 300 | _c26 cm | ||
| 490 | _aa scuola di | ||
| 490 | _v17 | ||
| 942 | _cBK | ||
| 999 |
_c24544 _d24544 |
||